| 000 | 01553nam a2200493 i 4500 | ||
|---|---|---|---|
| 001 | 40430 | ||
| 003 | KOSZ 005 | ||
| 005 | 20220315142305.0 | ||
| 008 | 020123s2002 pl |001 0 pol | ||
| 015 | _aUWD 2002/1533 | ||
| 020 | _a8372471665 | ||
| 035 | _a991017568509705066 | ||
| 035 | _a(PL-WaBN)b14751562-48omnis_nlop | ||
| 035 | _ab14751562 | ||
| 035 | _a(OCoLC)297753899 | ||
| 035 | _a(PL)b0000001475156 | ||
| 035 | _a(EXLNZ-48OMNIS_NETWORK)9910442607305606 | ||
| 040 |
_aWA N _cWA N _dKOSZ 005/HR |
||
| 041 | 0 | _apol | |
| 046 | _k2002 | ||
| 080 | _a347.724(438) | ||
| 100 | 1 |
_aKidyba, Andrzej _d(1957- ) _eAutor |
|
| 245 | 1 | 0 |
_aSpółka z ograniczoną odpowiedzialnością : _bkomentarz / _cAndrzej Kidyba. |
| 250 | _a3 wyd. | ||
| 260 |
_aWarszawa : _bC. H. Beck, _c2002. |
||
| 300 |
_aXIII, 837 s. ; _c20 cm. |
||
| 336 |
_aTekst _btxt _2rdacontent |
||
| 337 |
_aBez urządzenia pośredniczącego _bn _2rdamedia |
||
| 338 |
_aWolumin _bnc _2rdacarrier |
||
| 380 | _aKsiążki | ||
| 388 | _a2001- | ||
| 490 | 1 | _aKomentarze Becka | |
| 504 | _aIndeks. | ||
| 650 | 7 |
_aSpółki z o. o. _2DBN |
|
| 650 | 7 | _aPrawo spółek handlowych | |
| 651 | 7 | _aPolska | |
| 655 | 7 | _aKomentarz prawny | |
| 658 | _aPrawo i wymiar sprawiedliwości | ||
| 710 | 2 |
_aWydawnictwo C.H. Beck _4pbl |
|
| 830 | 0 | _aKomentarze Becka | |
| 856 |
_uhttp://koha.tu.koszalin.pl/cgi-bin/koha/opac-detail.pl?biblionumber=40430 _yKatalog online BPK |
||
| 942 |
_2UKD _cKS |
||
| 999 |
_c40430 _d40430 |
||